000 00464nam a2200229Ia 4500
003 IT-RoPAU
008 120407s9999 xx 000 0 und d
040 _aIT-RoPAU
040 _cIT-RoPAU
041 _aita
100 _aAntonio Royo Marin
100 _cop.
245 _aTeolgia della carità
250 _aRoma
260 _aEdizioni Paoline
260 _c1966
300 _c cm
490 _aBcr
490 _v109
942 _cBK
999 _c13755
_d13755